|
|
|
|
| LEADER |
00782nta a2200205 i 4500 |
| 001 |
dipl135421 |
| 005 |
20230804095254.0 |
| 008 |
230804s2021 hu om 0|| hun d |
| 040 |
|
|
|a SZTE Diploma Repozitórium
|b hun
|
| 041 |
|
|
|a hun
|
| 100 |
1 |
|
|a Fehér Ákos
|
| 245 |
1 |
0 |
|a Precíziós technológia a mezőgazdaságban
|h [elektronikus dokumentum] /
|c Ákos Fehér
|
| 246 |
1 |
0 |
|a Precision technology in agriculture
|h [elektronikus dokumentum]
|
| 260 |
|
|
|c 2021
|
| 650 |
|
4 |
|a Mérnöki tudományok
|
| 650 |
|
4 |
|a Engineering and technology
|
| 650 |
|
4 |
|a Electrical engineering, electronic engineering, information engineering
|
| 650 |
|
4 |
|a Mechatronics
|
| 700 |
1 |
|
|a Molnár Tamás Géza
|e ths
|
| 856 |
4 |
0 |
|u https://diploma.bibl.u-szeged.hu/id/eprint/135421/1/2022_feher_akos.pdf
|z Dokumentum-elérés
|